The rodents and the rice farmer
| Main Author: | |
|---|---|
| Format: | Book |
| Published: |
Rawang :
Pustaka Minda Aktif ,
2013
|
| Series: | Animal and human adventures series
|
| Subjects: |
MARC
| LEADER | 00000cam a2200000 7i4500 | ||
|---|---|---|---|
| 001 | 0000167692 | ||
| 005 | 20131118.0 | ||
| 020 | |a 9789673871001 | ||
| 090 | 0 | 0 | |a JF |b MAN |
| 100 | 1 | |a Manickam, Irene |c 1963- | |
| 245 | 1 | 4 | |a The rodents and the rice farmer |c Irene Manickam |
| 260 | |a Rawang : |b Pustaka Minda Aktif , |c 2013 | ||
| 300 | |a 30p. : |b col.,ill. ; |c 29cm. | ||
| 490 | 0 | |a Animal and human adventures series | |
| 500 | |a Play & Learn Library | ||
| 650 | 0 | 0 | |a Children's stories |
| 999 | |a 00283139 |b BUKU |c JUNIOR REFERENCE |e PERPUSTAKAAN KOMUNITI PETALING JAYA | ||